| 000 | 00442nam a2200181 a 4500 | ||
|---|---|---|---|
| 001 | 6347 | ||
| 003 | CO-ViMGA | ||
| 008 | 141112s2004 ck r 000 u spa d | ||
| 040 |
_aCO-ViMGA _bspa _cCO-ViMGA |
||
| 082 | 0 | 4 | _a813.54 U747e |
| 100 | 1 |
_aUris, León _95067 |
|
| 245 | 1 | 0 | _aExodo |
| 260 |
_aBuenos Aires : _bEmece, _c1986 |
||
| 300 | _a617 p | ||
| 490 | _aGrandes novelistas | ||
| 650 | 1 | 4 |
_aNOVELA ESTADOUNIDENSE _9761 |
| 942 |
_2ddc _cBK |
||
| 999 |
_c18317 _d18317 |
||